[Event "Lliga Catalana DH 2023"]
[Site "Barcelona"]
[Date "2023.01.21"]
[Round "1.1"]
[White "Narciso Dublan, Marc"]
[Black "Perez Mitjans, Orelvis"]
[Result "1/2-1/2"]
[TimeControl "90'+30\""]
[WhiteTitle "GM"]
[BlackTitle "GM"]
[WhiteFideId "2201500"]
[BlackFideId "3502856"]
[WhiteElo "2432"]
[BlackElo "2344"]

1. d4 {[%clk 01:30:56]} {[%emt 00:00:03]} Nf6 {[%clk 01:20:52]} {[%emt
00:10:07]} 2. Nf3 {[%clk 01:30:56]} {[%emt 00:00:31]} g6 {[%clk 01:21:11]}
{[%emt 00:00:11]} 3. Nc3 {[%clk 01:30:58]} {[%emt 00:00:27]} d5 {[%clk
01:18:35]} {[%emt 00:03:06]} 4. Bf4 {[%clk 01:31:20]} {[%emt 00:00:08]} c6
{[%clk 01:18:56]} {[%emt 00:00:09]} 5. h3 {[%clk 01:30:44]} {[%emt 00:01:06]}
Nbd7 {[%clk 01:18:13]} {[%emt 00:01:13]} 6. e3 {[%clk 01:31:00]} {[%emt
00:00:14]} Bg7 {[%clk 01:18:10]} {[%emt 00:00:33]} 7. Be2 {[%clk 01:30:26]}
{[%emt 00:01:04]} O-O {[%clk 01:17:54]} {[%emt 00:00:47]} 8. O-O {[%clk
01:30:47]} {[%emt 00:00:09]} Ne4 {[%clk 01:08:47]} {[%emt 00:09:37]} 9. Nxe4
{[%clk 01:23:48]} {[%emt 00:07:27]} dxe4 {[%clk 01:02:23]} {[%emt 00:06:56]} 10.
Nd2 {[%clk 01:23:48]} {[%emt 00:00:29]} Nf6 {[%clk 01:02:49]} {[%emt 00:00:05]}
11. c3 {[%clk 01:21:44]} {[%emt 00:02:34]} Bf5 {[%clk 01:02:57]} {[%emt
00:00:22]} 12. Qc2 {[%clk 01:19:11]} {[%emt 00:03:03]} h5 {[%clk 01:02:58]}
{[%emt 00:00:30]} 13. Be5 {[%clk 01:02:13]} {[%emt 00:17:28]} Re8 {[%clk
01:02:30]} {[%emt 00:00:58]} 14. Rfd1 {[%clk 00:59:26]} {[%emt 00:03:17]} Qc8
{[%clk 00:52:48]} {[%emt 00:10:11]} 15. a4 {[%clk 00:58:11]} {[%emt 00:01:46]}
Bh6 {[%clk 00:49:51]} {[%emt 00:03:28]} 16. a5 {[%clk 00:54:40]} {[%emt
00:04:03]} h4 {[%clk 00:49:56]} {[%emt 00:00:26]} 17. Qb3 {[%clk 00:43:16]}
{[%emt 00:11:55]} g5 {[%clk 00:44:14]} {[%emt 00:06:12]} 18. Nf1 {[%clk
00:32:04]} {[%emt 00:11:40]} g4 {[%clk 00:43:37]} {[%emt 00:01:07]} 19. Bxf6
{[%clk 00:31:45]} {[%emt 00:00:48]} exf6 {[%clk 00:43:50]} {[%emt 00:00:18]} 20.
hxg4 {[%clk 00:31:08]} {[%emt 00:01:07]} Bxg4 {[%clk 00:44:09]} {[%emt
00:00:11]} 21. Bxg4 {[%clk 00:30:40]} {[%emt 00:00:57]} Qxg4 {[%clk 00:44:36]}
{[%emt 00:00:04]} 22. Nh2 {[%clk 00:30:28]} {[%emt 00:00:42]} Qg6 {[%clk
00:42:14]} {[%emt 00:02:51]} 23. Kh1 {[%clk 00:26:15]} {[%emt 00:04:43]} f5
{[%clk 00:31:11]} {[%emt 00:11:34]} 24. d5 {[%clk 00:24:18]} {[%emt 00:02:26]}
Kh8 {[%clk 00:14:17]} {[%emt 00:17:24]} 25. Qxb7 {[%clk 00:11:02]} {[%emt
00:13:46]} Rg8 {[%clk 00:12:42]} {[%emt 00:02:05]} 26. Rg1 {[%clk 00:11:25]}
{[%emt 00:00:07]} cxd5 {[%clk 00:09:52]} {[%emt 00:03:21]} 27. Qxd5 {[%clk
00:04:00]} {[%emt 00:07:55]} f4 {[%clk 00:09:17]} {[%emt 00:01:05]} 28. exf4
{[%clk 00:02:50]} {[%emt 00:01:40]} Bxf4 {[%clk 00:09:37]} {[%emt 00:00:10]} 29.
Qd4+ {[%clk 00:01:03]} {[%emt 00:02:17]} Rg7 {[%clk 00:07:20]} {[%emt
00:02:47]} 30. Rae1 {[%clk 00:01:05]} {[%emt 00:00:28]} f5 {[%clk 00:07:10]}
{[%emt 00:00:41]} 31. Nf1 {[%clk 00:00:47]} {[%emt 00:00:47]} Re8 {[%clk
00:05:24]} {[%emt 00:02:15]} 32. Ne3 {[%clk 00:00:34]} {[%emt 00:00:44]} Be5
{[%clk 00:04:02]} {[%emt 00:01:52]} 33. Qa4 {[%clk 00:01:03]} {[%emt 00:00:01]}
Reg8 {[%clk 00:03:04]} {[%emt 00:01:29]} 34. Qb5 {[%clk 00:01:15]} {[%emt
00:00:17]} Re7 {[%clk 00:02:40]} {[%emt 00:00:54]} 35. Qc5 {[%clk 00:00:58]}
{[%emt 00:00:47]} Ree8 {[%clk 00:02:26]} {[%emt 00:00:43]} 36. Rd1 {[%clk
00:00:46]} {[%emt 00:00:42]} f4 {[%clk 00:02:28]} {[%emt 00:00:29]} 37. Rd5
{[%clk 00:00:41]} {[%emt 00:00:34]} Rc8 {[%clk 00:01:42]} {[%emt 00:01:16]} 38.
Qb5 {[%clk 00:00:34]} {[%emt 00:00:38]} a6 {[%clk 00:02:10]} {[%emt 00:00:02]}
39. Qe2 {[%clk 00:00:35]} {[%emt 00:00:29]} f3 {[%clk 00:02:03]} {[%emt
00:00:36]} 40. Qd1 {[%clk 00:00:47]} {[%emt 00:00:19]} Qe6 {[%clk 00:02:03]}
{[%emt 00:00:31]} 41. Rxe5 {[%clk 00:00:34]} {[%emt 00:00:44]} Qxe5 {[%clk
00:02:01]} {[%emt 00:00:32]} 42. gxf3 {[%clk 00:00:51]} {[%emt 00:00:12]} Rxg1+
{[%clk 00:01:48]} {[%emt 00:00:42]} 43. Kxg1 {[%clk 00:00:44]} {[%emt
00:00:38]} Rg8+ {[%clk 00:01:49]} {[%emt 00:00:29]} 44. Kh1 {[%clk 00:00:36]}
{[%emt 00:00:38]} exf3 {[%clk 00:01:50]} {[%emt 00:00:30]} 45. Qxf3 {[%clk
00:00:51]} {[%emt 00:00:16]} Qg5 {[%clk 00:01:17]} {[%emt 00:01:02]} 46. Kh2
{[%clk 00:01:18]} {[%emt 00:00:03]} Rg7 {[%clk 00:00:59]} {[%emt 00:00:49]} 47.
Kh3 {[%clk 00:01:25]} {[%emt 00:00:23]} Rg6 {[%clk 00:00:42]} {[%emt 00:00:47]}
48. Ng4 {[%clk 00:01:39]} {[%emt 00:00:16]} Kh7 {[%clk 00:00:49]} {[%emt
00:00:22]} 49. Qe4 {[%clk 00:01:40]} {[%emt 00:00:29]} Kh8 {[%clk 00:01:09]}
{[%emt 00:00:10]} 50. f3 {[%clk 00:01:03]} {[%emt 00:01:08]} Rg7 {[%clk
00:01:15]} {[%emt 00:00:24]} 51. Qe8+ {[%clk 00:01:02]} {[%emt 00:00:31]} Kh7
{[%clk 00:01:37]} {[%emt 00:00:08]} 52. Qe4+ {[%clk 00:01:15]} {[%emt
00:00:17]} Kh8 {[%clk 00:02:04]} {[%emt 00:00:03]} 53. Qd4 {[%clk 00:00:45]}
{[%emt 00:01:01]} Qxa5 {[%clk 00:01:49]} {[%emt 00:00:45]} 54. Qf6 {[%clk
00:00:37]} {[%emt 00:00:38]} Qg5 {[%clk 00:01:22]} {[%emt 00:00:56]} 55. Qd4
{[%clk 00:00:43]} {[%emt 00:00:25]} Qa5 {[%clk 00:01:17]} {[%emt 00:00:34]} 56.
Qf6 {[%clk 00:00:46]} {[%emt 00:00:27]} Qg5 {[%clk 00:01:44]} {[%emt 00:00:03]}
57. Qd4 {[%clk 00:01:11]} {[%emt 00:00:04]} Qa5 {[%clk 00:02:11]} {[%emt
00:00:04]} 58. Qf6 {[%clk 00:01:09]} {[%emt 00:00:33]} Qg5 {[%clk 00:02:35]}
{[%emt 00:00:05]} 1/2-1/2

[Event "Lliga Catalana DH 2023"]
[Site "Barcelona"]
[Date "2023.01.21"]
[Round "1.2"]
[White "Fluvia Poyatos, Joan"]
[Black "Rahal, Michael"]
[Result "0-1"]
[TimeControl "90'+30\""]
[WhiteTitle "IM"]
[BlackTitle "IM"]
[WhiteFideId "2212501"]
[BlackFideId "404691"]
[WhiteElo "2463"]
[BlackElo "2331"]

1. Nf3 {[%clk 01:30:26]} {[%emt 00:00:33]} d5 {[%clk 01:30:08]} {[%emt
00:00:53]} 2. g3 {[%clk 01:30:06]} {[%emt 00:00:50]} g6 {[%clk 01:28:18]}
{[%emt 00:02:20]} 3. Bg2 {[%clk 01:29:54]} {[%emt 00:00:42]} Bg7 {[%clk
01:28:42]} {[%emt 00:00:07]} 4. O-O {[%clk 01:30:03]} {[%emt 00:00:21]} e5
{[%clk 01:29:02]} {[%emt 00:00:10]} 5. d3 {[%clk 01:29:22]} {[%emt 00:01:11]}
Ne7 {[%clk 01:27:51]} {[%emt 00:01:40]} 6. e4 {[%clk 01:27:25]} {[%emt
00:02:28]} dxe4 {[%clk 01:21:08]} {[%emt 00:07:13]} 7. dxe4 {[%clk 01:27:45]}
{[%emt 00:00:10]} Qxd1 {[%clk 01:21:27]} {[%emt 00:00:11]} 8. Rxd1 {[%clk
01:28:10]} {[%emt 00:00:05]} f6 {[%clk 01:19:22]} {[%emt 00:02:35]} 9. Nc3
{[%clk 01:21:02]} {[%emt 00:07:38]} c6 {[%clk 01:13:05]} {[%emt 00:06:47]} 10.
b3 {[%clk 01:17:56]} {[%emt 00:03:36]} Be6 {[%clk 01:12:31]} {[%emt 00:01:04]}
11. Be3 {[%clk 01:11:25]} {[%emt 00:07:01]} Nc8 {[%clk 01:03:36]} {[%emt
00:09:25]} 12. Na4 {[%clk 01:05:10]} {[%emt 00:06:45]} Nd7 {[%clk 01:03:08]}
{[%emt 00:00:58]} 13. c4 {[%clk 01:05:05]} {[%emt 00:00:35]} Bf8 {[%clk
00:57:28]} {[%emt 00:06:09]} 14. c5 {[%clk 00:59:39]} {[%emt 00:05:57]} b5
{[%clk 00:57:33]} {[%emt 00:00:24]} 15. cxb6 {[%clk 00:58:07]} {[%emt
00:02:02]} Ncxb6 {[%clk 00:55:16]} {[%emt 00:02:47]} 16. Rac1 {[%clk 00:57:45]}
{[%emt 00:00:52]} Nxa4 {[%clk 00:53:45]} {[%emt 00:02:01]} 17. bxa4 {[%clk
00:42:44]} {[%emt 00:15:34]} c5 {[%clk 00:46:33]} {[%emt 00:07:41]} 18. Bf1
{[%clk 00:41:18]} {[%emt 00:01:55]} a6 {[%clk 00:43:06]} {[%emt 00:03:57]} 19.
Rb1 {[%clk 00:36:27]} {[%emt 00:05:22]} Ra7 {[%clk 00:42:52]} {[%emt 00:00:44]}
20. Nd2 {[%clk 00:31:27]} {[%emt 00:05:30]} Be7 {[%clk 00:37:57]} {[%emt
00:05:25]} 21. Nc4 {[%clk 00:29:58]} {[%emt 00:01:59]} O-O {[%clk 00:35:26]}
{[%emt 00:03:01]} 22. Rb2 {[%clk 00:24:04]} {[%emt 00:06:24]} Rc8 {[%clk
00:32:02]} {[%emt 00:03:53]} 23. Rdb1 {[%clk 00:24:07]} {[%emt 00:00:27]} Kf7
{[%clk 00:28:25]} {[%emt 00:04:07]} 24. Bd2 {[%clk 00:24:05]} {[%emt 00:00:33]}
Raa8 {[%clk 00:24:21]} {[%emt 00:04:34]} 25. Bd3 {[%clk 00:19:31]} {[%emt
00:05:04]} Rab8 {[%clk 00:22:16]} {[%emt 00:02:35]} 26. Rb7 {[%clk 00:19:50]}
{[%emt 00:00:10]} Ke8 {[%clk 00:19:52]} {[%emt 00:02:55]} 27. Kf1 {[%clk
00:18:23]} {[%emt 00:01:57]} Rxb7 {[%clk 00:14:33]} {[%emt 00:05:49]} 28. Rxb7
{[%clk 00:18:46]} {[%emt 00:00:06]} Rb8 {[%clk 00:14:20]} {[%emt 00:00:44]} 29.
Ra7 {[%clk 00:13:04]} {[%emt 00:06:12]} Nb6 {[%clk 00:13:51]} {[%emt 00:00:58]}
30. Nxb6 {[%clk 00:12:48]} {[%emt 00:00:47]} Rxb6 {[%clk 00:14:15]} {[%emt
00:00:06]} 31. Ba5 {[%clk 00:11:31]} {[%emt 00:01:47]} Rd6 {[%clk 00:10:45]}
{[%emt 00:04:00]} 32. Bxa6 {[%clk 00:11:54]} {[%emt 00:00:08]} Rxa6 {[%clk
00:10:33]} {[%emt 00:00:42]} 33. Rxa6 {[%clk 00:11:19]} {[%emt 00:01:05]} Bc4+
{[%clk 00:10:56]} {[%emt 00:00:07]} 34. Ke1 {[%clk 00:11:47]} {[%emt 00:00:03]}
Bxa6 {[%clk 00:11:18]} {[%emt 00:00:08]} 35. Bc3 {[%clk 00:10:46]} {[%emt
00:01:30]} Kd7 {[%clk 00:10:38]} {[%emt 00:01:10]} 36. Kd2 {[%clk 00:11:10]}
{[%emt 00:00:06]} Ke6 {[%clk 00:10:33]} {[%emt 00:00:34]} 37. f4 {[%clk
00:11:07]} {[%emt 00:00:33]} exf4 {[%clk 00:08:52]} {[%emt 00:02:12]} 38. gxf4
{[%clk 00:11:35]} {[%emt 00:00:02]} f5 {[%clk 00:09:06]} {[%emt 00:00:16]} 39.
e5 {[%clk 00:12:00]} {[%emt 00:00:05]} g5 {[%clk 00:09:22]} {[%emt 00:00:14]}
40. Ke3 {[%clk 00:12:12]} {[%emt 00:00:18]} g4 {[%clk 00:09:04]} {[%emt
00:00:47]} 41. a5 {[%clk 00:11:58]} {[%emt 00:00:44]} h5 {[%clk 00:09:23]}
{[%emt 00:00:10]} 42. Kf2 {[%clk 00:10:47]} {[%emt 00:01:41]} h4 {[%clk
00:09:30]} {[%emt 00:00:23]} 43. Be1 {[%clk 00:10:41]} {[%emt 00:00:35]} Kd5
{[%clk 00:09:27]} {[%emt 00:00:33]} 0-1

[Event "Lliga Catalana DH 2023"]
[Site "Barcelona"]
[Date "2023.01.21"]
[Round "1.3"]
[White "Ramirez Garcia, Jorge Alberto"]
[Black "Campins Machado, Francesc Miquel"]
[Result "1/2-1/2"]
[TimeControl "90'+30\""]
[WhiteTitle "FM"]
[WhiteFideId "5108101"]
[BlackFideId "32005385"]
[WhiteElo "2275"]
[BlackElo "2164"]

1. e4 {[%clk 01:30:19]} {[%emt 00:00:40]} c5 {[%clk 01:30:48]} {[%emt
00:00:12]} 2. Nf3 {[%clk 01:30:17]} {[%emt 00:00:32]} e6 {[%clk 01:31:09]}
{[%emt 00:00:09]} 3. c3 {[%clk 01:30:41]} {[%emt 00:00:05]} Nf6 {[%clk
01:31:20]} {[%emt 00:00:19]} 4. d4 {[%clk 01:29:59]} {[%emt 00:01:12]} cxd4
{[%clk 01:30:21]} {[%emt 00:01:30]} 5. e5 {[%clk 01:29:53]} {[%emt 00:00:36]}
Nd5 {[%clk 01:30:41]} {[%emt 00:00:09]} 6. cxd4 {[%clk 01:27:04]} {[%emt
00:03:20]} d6 {[%clk 01:30:58]} {[%emt 00:00:14]} 7. Bc4 {[%clk 01:25:38]}
{[%emt 00:01:55]} Nc6 {[%clk 01:31:00]} {[%emt 00:00:28]} 8. O-O {[%clk
01:25:43]} {[%emt 00:00:24]} Be7 {[%clk 01:31:11]} {[%emt 00:00:20]} 9. Qe2
{[%clk 01:24:13]} {[%emt 00:01:59]} O-O {[%clk 01:31:22]} {[%emt 00:00:20]} 10.
Nc3 {[%clk 01:22:38]} {[%emt 00:02:06]} Nxc3 {[%clk 01:31:05]} {[%emt
00:00:47]} 11. bxc3 {[%clk 01:23:04]} {[%emt 00:00:04]} Qc7 {[%clk 01:31:07]}
{[%emt 00:00:28]} 12. Bd3 {[%clk 01:11:50]} {[%emt 00:11:43]} dxe5 {[%clk
01:29:42]} {[%emt 00:01:56]} 13. dxe5 {[%clk 01:12:02]} {[%emt 00:00:18]} b6
{[%clk 01:29:49]} {[%emt 00:00:23]} 14. Re1 {[%clk 01:09:10]} {[%emt 00:03:22]}
Bb7 {[%clk 01:29:01]} {[%emt 00:01:19]} 15. Ng5 {[%clk 01:04:52]} {[%emt
00:04:47]} g6 {[%clk 01:21:17]} {[%emt 00:08:14]} 16. Nxh7 {[%clk 00:59:02]}
{[%emt 00:06:20]} Rfd8 {[%clk 00:33:37]} {[%emt 00:48:13]} 17. Nf6+ {[%clk
00:56:11]} {[%emt 00:03:19]} Kg7 {[%clk 00:33:40]} {[%emt 00:00:28]} 18. Bf4
{[%clk 00:46:26]} {[%emt 00:10:15]} Na5 {[%clk 00:33:07]} {[%emt 00:01:04]} 19.
Qe3 {[%clk 00:43:15]} {[%emt 00:03:40]} Rh8 {[%clk 00:32:28]} {[%emt 00:01:10]}
20. Be4 {[%clk 00:36:36]} {[%emt 00:07:08]} Nc4 {[%clk 00:27:26]} {[%emt
00:05:33]} 21. Qg3 {[%clk 00:35:21]} {[%emt 00:01:45]} Rad8 {[%clk 00:22:19]}
{[%emt 00:05:37]} 22. h4 {[%clk 00:33:25]} {[%emt 00:02:25]} Bxe4 {[%clk
00:20:30]} {[%emt 00:02:19]} 23. Rxe4 {[%clk 00:33:39]} {[%emt 00:00:16]} Qc6
{[%clk 00:17:36]} {[%emt 00:03:25]} 24. Rae1 {[%clk 00:30:25]} {[%emt
00:03:42]} Nd6 {[%clk 00:09:35]} {[%emt 00:08:33]} 25. exd6 {[%clk 00:20:22]}
{[%emt 00:10:33]} Bxf6 {[%clk 00:10:03]} {[%emt 00:00:02]} 26. Be5 {[%clk
00:16:04]} {[%emt 00:04:48]} Bxe5 {[%clk 00:09:53]} {[%emt 00:00:41]} 27. Qxe5+
{[%clk 00:16:09]} {[%emt 00:00:25]} Kg8 {[%clk 00:10:21]} {[%emt 00:00:01]} 28.
Rd1 {[%clk 00:12:07]} {[%emt 00:04:30]} Rh5 {[%clk 00:10:35]} {[%emt 00:00:17]}
29. Qf4 {[%clk 00:05:16]} {[%emt 00:07:20]} Rf5 {[%clk 00:11:03]} {[%emt
00:00:04]} 30. Rc4 {[%clk 00:03:55]} {[%emt 00:01:51]} Qb5 {[%clk 00:11:31]}
{[%emt 00:00:01]} 31. Qe4 {[%clk 00:03:31]} {[%emt 00:00:54]} Rd5 {[%clk
00:10:12]} {[%emt 00:01:50]} 32. Rxd5 {[%clk 00:02:12]} {[%emt 00:01:48]} Qxd5
{[%clk 00:10:41]} {[%emt 00:00:02]} 33. Qxd5 {[%clk 00:01:47]} {[%emt
00:00:55]} exd5 {[%clk 00:11:09]} {[%emt 00:00:02]} 34. Rc7 {[%clk 00:01:53]}
{[%emt 00:00:24]} Rxd6 {[%clk 00:11:26]} {[%emt 00:00:13]} 35. Rxa7 {[%clk
00:02:17]} {[%emt 00:00:06]} d4 {[%clk 00:11:49]} {[%emt 00:00:07]} 36. cxd4
{[%clk 00:02:28]} {[%emt 00:00:19]} Rxd4 {[%clk 00:12:17]} {[%emt 00:00:02]} 37.
g3 {[%clk 00:02:35]} {[%emt 00:00:23]} Rd2 {[%clk 00:12:30]} {[%emt 00:00:17]}
38. a4 {[%clk 00:01:42]} {[%emt 00:01:23]} Ra2 {[%clk 00:12:49]} {[%emt
00:00:11]} 39. Ra6 {[%clk 00:01:45]} {[%emt 00:00:27]} Kg7 {[%clk 00:12:37]}
{[%emt 00:00:41]} 40. Kg2 {[%clk 00:02:06]} {[%emt 00:00:10]} Ra3 {[%clk
00:12:44]} {[%emt 00:00:23]} 41. g4 {[%clk 00:01:47]} {[%emt 00:00:49]} Rb3
{[%clk 00:12:23]} {[%emt 00:00:51]} 42. f3 {[%clk 00:01:20]} {[%emt 00:00:57]}
Rb2+ {[%clk 00:12:31]} {[%emt 00:00:22]} 43. Kg3 {[%clk 00:01:45]} {[%emt
00:00:05]} Rb4 {[%clk 00:12:58]} {[%emt 00:00:04]} 44. Ra7 {[%clk 00:02:03]}
{[%emt 00:00:12]} Rc4 {[%clk 00:10:25]} {[%emt 00:03:03]} 45. Ra6 {[%clk
00:02:00]} {[%emt 00:00:33]} Rb4 {[%clk 00:10:47]} {[%emt 00:00:08]} 46. Kf2
{[%clk 00:02:22]} {[%emt 00:00:08]} Rb3 {[%clk 00:10:33]} {[%emt 00:00:44]} 47.
Ke2 {[%clk 00:02:43]} {[%emt 00:00:09]} Ra3 {[%clk 00:10:36]} {[%emt 00:00:27]}
48. Kf2 {[%clk 00:01:20]} {[%emt 00:01:53]} Rb3 {[%clk 00:10:59]} {[%emt
00:00:07]} 49. Ra7 {[%clk 00:01:12]} {[%emt 00:00:38]} Ra3 {[%clk 00:10:38]}
{[%emt 00:00:51]} 50. Kg3 {[%clk 00:01:30]} {[%emt 00:00:12]} Re3 {[%clk
00:10:37]} {[%emt 00:00:30]} 51. Kf4 {[%clk 00:01:35]} {[%emt 00:00:25]} Re6
{[%clk 00:11:06]} {[%emt 00:00:02]} 52. Rd7 {[%clk 00:01:35]} {[%emt 00:00:30]}
Re1 {[%clk 00:09:58]} {[%emt 00:01:38]} 53. Rd4 {[%clk 00:01:40]} {[%emt
00:00:24]} Rb1 {[%clk 00:10:02]} {[%emt 00:00:26]} 54. Kg5 {[%clk 00:00:42]}
{[%emt 00:01:28]} b5 {[%clk 00:10:07]} {[%emt 00:00:25]} 55. h5 {[%clk
00:00:49]} {[%emt 00:00:23]} gxh5 {[%clk 00:10:17]} {[%emt 00:00:19]} 56. Kxh5
{[%clk 00:01:13]} {[%emt 00:00:06]} b4 {[%clk 00:09:21]} {[%emt 00:01:28]} 57.
Kg5 {[%clk 00:01:05]} {[%emt 00:00:36]} b3 {[%clk 00:09:49]} {[%emt 00:00:03]}
58. Rb4 {[%clk 00:01:20]} {[%emt 00:00:14]} b2 {[%clk 00:10:13]} {[%emt
00:00:07]} 59. f4 {[%clk 00:01:15]} {[%emt 00:00:34]} Ra1 {[%clk 00:10:31]}
{[%emt 00:00:13]} 60. Rxb2 {[%clk 00:01:37]} {[%emt 00:00:08]} Rxa4 {[%clk
00:10:59]} {[%emt 00:00:02]} 61. Rb6 {[%clk 00:01:43]} {[%emt 00:00:23]} Rc4
{[%clk 00:09:48]} {[%emt 00:01:41]} 62. Rd6 {[%clk 00:01:47]} {[%emt 00:00:26]}
Ra4 {[%clk 00:09:58]} {[%emt 00:00:20]} 63. Kf5 {[%clk 00:01:21]} {[%emt
00:00:56]} Ra5+ {[%clk 00:10:17]} {[%emt 00:00:11]} 64. Ke4 {[%clk 00:01:34]}
{[%emt 00:00:16]} Ra4+ {[%clk 00:10:45]} {[%emt 00:00:03]} 65. Ke5 {[%clk
00:01:55]} {[%emt 00:00:09]} Ra5+ {[%clk 00:11:11]} {[%emt 00:00:05]} 66. Rd5
{[%clk 00:02:13]} {[%emt 00:00:11]} Ra6 {[%clk 00:11:24]} {[%emt 00:00:17]} 67.
Kf5 {[%clk 00:02:01]} {[%emt 00:00:42]} Rf6+ {[%clk 00:11:46]} {[%emt
00:00:09]} 68. Kg5 {[%clk 00:02:21]} {[%emt 00:00:09]} Rg6+ {[%clk 00:12:11]}
{[%emt 00:00:06]} 69. Kh4 {[%clk 00:02:26]} {[%emt 00:00:25]} Rh6+ {[%clk
00:12:13]} {[%emt 00:00:28]} 70. Rh5 {[%clk 00:02:43]} {[%emt 00:00:12]} Ra6
{[%clk 00:12:38]} {[%emt 00:00:05]} 71. Re5 {[%clk 00:02:56]} {[%emt 00:00:17]}
Rb6 {[%clk 00:12:22]} {[%emt 00:00:47]} 72. Re7 {[%clk 00:02:31]} {[%emt
00:00:54]} Rb4 {[%clk 00:11:07]} {[%emt 00:01:46]} 73. Kg5 {[%clk 00:01:55]}
{[%emt 00:01:05]} Rb5+ {[%clk 00:11:36]} {[%emt 00:00:02]} 74. f5 {[%clk
00:02:16]} {[%emt 00:00:10]} Ra5 {[%clk 00:11:53]} {[%emt 00:00:11]} 75. Kf4
{[%clk 00:02:19]} {[%emt 00:00:27]} Ra4+ {[%clk 00:11:03]} {[%emt 00:01:20]} 76.
Re4 {[%clk 00:02:35]} {[%emt 00:00:13]} Ra1 {[%clk 00:11:07]} {[%emt 00:00:26]}
77. g5 {[%clk 00:02:35]} {[%emt 00:00:30]} Rg1 {[%clk 00:11:03]} {[%emt
00:00:35]} 78. Re3 {[%clk 00:02:21]} {[%emt 00:00:47]} Rf1+ {[%clk 00:11:12]}
{[%emt 00:00:18]} 79. Kg4 {[%clk 00:02:19]} {[%emt 00:00:32]} Rh1 {[%clk
00:10:53]} {[%emt 00:00:50]} 80. Rh3 {[%clk 00:01:36]} {[%emt 00:01:12]} Rg1+
{[%clk 00:11:11]} {[%emt 00:00:12]} 81. Rg3 {[%clk 00:01:11]} {[%emt 00:00:56]}
Rf1 {[%clk 00:11:32]} {[%emt 00:00:08]} 82. Rg2 {[%clk 00:01:19]} {[%emt
00:00:22]} Kh7 {[%clk 00:11:42]} {[%emt 00:00:21]} 83. Rh2+ {[%clk 00:01:34]}
{[%emt 00:00:14]} Kg8 {[%clk 00:11:50]} {[%emt 00:00:21]} 84. Rh3 {[%clk
00:00:43]} {[%emt 00:01:22]} Rg1+ {[%clk 00:12:08]} {[%emt 00:00:11]} 85. Kf4
{[%clk 00:01:06]} {[%emt 00:00:07]} Rf1+ {[%clk 00:11:07]} {[%emt 00:01:31]} 86.
Ke5 {[%clk 00:01:01]} {[%emt 00:00:35]} Kg7 {[%clk 00:11:35]} {[%emt 00:00:03]}
87. Rh6 {[%clk 00:00:43]} {[%emt 00:00:47]} Re1+ {[%clk 00:11:38]} {[%emt
00:00:27]} 88. Kf4 {[%clk 00:00:57]} {[%emt 00:00:16]} Rf1+ {[%clk 00:12:04]}
{[%emt 00:00:05]} 89. Ke4 {[%clk 00:01:19]} {[%emt 00:00:08]} Re1+ {[%clk
00:12:14]} {[%emt 00:00:20]} 90. Kd4 {[%clk 00:01:36]} {[%emt 00:00:12]} Rd1+
{[%clk 00:12:10]} {[%emt 00:00:35]} 91. Ke3 {[%clk 00:01:59]} {[%emt 00:00:07]}
Re1+ {[%clk 00:12:22]} {[%emt 00:00:18]} 92. Kf2 {[%clk 00:02:18]} {[%emt
00:00:11]} Re5 {[%clk 00:12:26]} {[%emt 00:00:26]} 93. Rf6 {[%clk 00:01:14]}
{[%emt 00:01:34]} Ra5 {[%clk 00:12:50]} {[%emt 00:00:06]} 94. Kf3 {[%clk
00:01:31]} {[%emt 00:00:14]} Ra3+ {[%clk 00:12:59]} {[%emt 00:00:22]} 95. Kg4
{[%clk 00:01:51]} {[%emt 00:00:08]} Ra4+ {[%clk 00:13:13]} {[%emt 00:00:17]} 96.
Kh5 {[%clk 00:01:52]} {[%emt 00:00:29]} Ra5 {[%clk 00:13:41]} {[%emt 00:00:04]}
97. Kg4 {[%clk 00:01:14]} {[%emt 00:01:06]} Ra4+ {[%clk 00:14:04]} {[%emt
00:00:07]} 98. Kg3 {[%clk 00:01:39]} {[%emt 00:00:06]} Ra3+ {[%clk 00:14:22]}
{[%emt 00:00:11]} 99. Kf4 {[%clk 00:02:00]} {[%emt 00:00:10]} Ra4+ {[%clk
00:14:37]} {[%emt 00:00:14]} 100. Ke5 {[%clk 00:02:20]} {[%emt 00:00:09]} Ra5+
{[%clk 00:15:03]} {[%emt 00:00:06]} 101. Kd6 {[%clk 00:01:03]} {[%emt
00:01:45]} Ra6+ {[%clk 00:15:16]} {[%emt 00:00:20]} 102. Ke7 {[%clk 00:01:19]}
{[%emt 00:00:11]} Ra7+ {[%clk 00:15:43]} {[%emt 00:00:04]} 103. Ke8 {[%clk
00:01:21]} {[%emt 00:00:28]} Ra8+ {[%clk 00:16:10]} {[%emt 00:00:04]} 104. Kd7
{[%clk 00:01:40]} {[%emt 00:00:11]} Ra7+ {[%clk 00:16:38]} {[%emt 00:00:02]}
105. Kd8 {[%clk 00:02:01]} {[%emt 00:00:09]} Ra8+ {[%clk 00:16:57]} {[%emt
00:00:11]} 106. Kc7 {[%clk 00:02:03]} {[%emt 00:00:28]} Ra5 {[%clk 00:17:22]}
{[%emt 00:00:04]} 107. Kb6 {[%clk 00:02:00]} {[%emt 00:00:33]} Re5 {[%clk
00:17:46]} {[%emt 00:00:06]} 108. Kc6 {[%clk 00:01:29]} {[%emt 00:01:01]} Ra5
{[%clk 00:18:13]} {[%emt 00:00:04]} 109. Kc7 {[%clk 00:01:43]} {[%emt
00:00:15]} Rd5 {[%clk 00:18:19]} {[%emt 00:00:25]} 110. Kb6 {[%clk 00:01:48]}
{[%emt 00:00:25]} Re5 {[%clk 00:18:41]} {[%emt 00:00:08]} 111. Kc6 {[%clk
00:02:10]} {[%emt 00:00:08]} Ra5 {[%clk 00:19:06]} {[%emt 00:00:06]} 112. Kd6
{[%clk 00:02:24]} {[%emt 00:00:15]} Ra6+ {[%clk 00:19:21]} {[%emt 00:00:18]}
113. Ke5 {[%clk 00:02:48]} {[%emt 00:00:04]} Ra5+ {[%clk 00:19:47]} {[%emt
00:00:04]} 114. Kf4 {[%clk 00:03:13]} {[%emt 00:00:06]} Ra4+ {[%clk 00:20:14]}
{[%emt 00:00:04]} 115. Kg3 {[%clk 00:03:37]} {[%emt 00:00:04]} Ra3+ {[%clk
00:20:39]} {[%emt 00:00:05]} 116. Kg4 {[%clk 00:03:58]} {[%emt 00:00:09]} Ra4+
{[%clk 00:21:04]} {[%emt 00:00:05]} 117. Kh5 {[%clk 00:04:22]} {[%emt
00:00:06]} Ra5 {[%clk 00:21:26]} {[%emt 00:00:09]} 118. Kg4 {[%emt 00:00:34]}
1/2-1/2